| 000 | 00508nam a22002057a 4500 | ||
|---|---|---|---|
| 003 | OSt | ||
| 005 | 20181106184615.0 | ||
| 008 | 181106b xxu||||| |||| 00| 0 eng d | ||
| 020 | _a9781405181976 | ||
| 040 | _cDNLM | ||
| 082 | _aQV38 N24m 2009 | ||
| 100 |
_aNeal, Michael J. _95183 |
||
| 245 | _aMedical Pharmacology at a Glance | ||
| 250 | _a6th ed. | ||
| 260 | _aUK; John Wiley, 2009 | ||
| 300 | _a111p; col.ill: 29cm | ||
| 504 | _aIndex included | ||
| 650 |
_aPharmacology _9357 |
||
| 942 |
_2z _cSLOAN |
||
| 999 |
_c6171 _d6171 |
||